00572nmm a2200169Ia 4500008004100000020001800041041000800059100003600067245010100103264006000204300001800264490003100282650001400313856005100327942000700378999001700385251105s9999||||xx |||||||||||||||||und|| a9789587388015 aspa aEsguerra Pardo, Nicolás Boris 0aTeoría sociológica :b Ensayos sobre Marx, Sorel, Simmel, Durkheim, Weber, Merton y Bourdieu a[Bogotá, Colombia] :bUniversidad del Rosario, c2016 a216 páginas aTextos de Ciencias Humanas aSociology uhttps://public.digitaliapublishing.com/a/46580 cCF c95867d95867